000 00706nam a22002055i 4500
001 154878
003 ES-MaACL
005 20250804062750.0
008 940202s1833 sp |||| | lat d
040 _aCAM
_bspa
100 1 _aGuevara y Basoazabal, Andrés de.
_9127609
245 1 0 _aInstitutionum elementarium philosophiae ad usum studiosae juventutis /
_cab Andrea de Guevara et Basoazabal...
260 _aMatriti :
_b[s.n.],
_c1833 (
_fTypographia Regia)
300 _a4 v. ;
_c16 cm.
650 7 _aFilosofía
_2embne
_912802
710 2 1 _aTipografia Regia,
_eimp.
_9134976
752 _aEspaña -
_dMadrid
852 _aES-MaACL
_jG-494
_z-- Enc. piel
_q-- Sólo t.II
999 _c154878
_d154878